Car Models 5 - Statistics

General Stats
  • This quiz has been taken 71 times
  • The average score is 9 of 16
Answer Stats
Picture Answer % Correct
Toyota Supra Mk4
81%
Audi TT
76%
Dodge Viper
76%
Ferrari Enzo
76%
BMW M8
69%
Mclaren 720S
69%
Lamborghini Veneno
66%
Mazda MX5 Miata NB
54%
Mazda RX8
53%
Rimac Nevera
49%
Volkswagen Golf Mk1 GTI
44%
Alfa Romeo Stelvio
42%
Mercedes S-Class
42%
DMC DeLorean
31%
Lotus Esprit
25%
Acura Integra Type R
17%
No matching quizzes found
Score Distribution
Percent of People with Each Score
Percentile by Number Answered
Your Score History
You have not taken this quiz